A KLM Holland Királyi Légitársaság controlling rendszerének bemutatása, hatékonyságának elemzése

Bibliográfiai részletek
Szerző: Veres Anna
További közreműködők: Ilyés Dr. Csaba
Dokumentumtípus: Diplomadolgozat
Kulcsszavak:controlling
pénzügyi elemzés
cash pool
Online Access:http://dolgozattar.uni-bge.hu/9068

MARC

LEADER 00000nta a2200000 i 4500
001 dolg9068
005 20161215141814.0
008 161215suuuu hu om 000 hun d
040 |a BGE Dolgozattár Repozitórium  |b hun 
041 |a hu 
100 1 |a Veres Anna 
245 1 2 |a A KLM Holland Királyi Légitársaság controlling rendszerének bemutatása, hatékonyságának elemzése  |c Veres Anna  |h [elektronikus dokumentum] 
695 |a controlling 
695 |a pénzügyi elemzés 
695 |a cash pool 
700 1 |a Ilyés Dr. Csaba  |e ths 
856 4 0 |u http://dolgozattar.uni-bge.hu/9068/1/Szakdolgozat_VeresAnna.pdf  |z Dokumentum-elérés 
856 4 0 |u http://dolgozattar.uni-bge.hu/9068/2/titkositas.pdf  |z Dokumentum-elérés